Mạng thông tin quang thế hệ sau /

Guardado en:
Detalles Bibliográficos
Autor principal: Hoàng, Văn Võ, TS
Formato: Libro
Lenguaje:Vietnamese
Publicado: Bưu điện 2008
Etiquetas: Agregar Etiqueta
Sin Etiquetas, Sea el primero en etiquetar este registro!
Thư viện lưu trữ: Mạng thư viện Đại học Đà Nẵng
LEADER 00628nam a2200265 4500
001 000027520
003 HO-VM
005 20150403120000.0
008 150403s vm 000 vie
020 |c 0,0000 
040 |a notts 
100 |a Hoàng, Văn Võ, TS 
245 |a Mạng thông tin quang thế hệ sau /  |c Hoàng VănVõ. 
260 |b Bưu điện  |c 2008 
OWN |a LTT 
999 |a From the UDN01 
TYP |a Monograph 
TYP |a Printed language 
980 |a Mạng thư viện Đại học Đà Nẵng